000 00956nam a22003017a 4500
003 CHAP
005 20220329141230.0
008 971010s1979 r 00010 d
010 _a64836
011 _a65808
035 _a73213
040 _cCHAP
082 _a634.9
_bF53
100 0 0 _aFigueres Ferrer, José.
_940795
245 _aFranjas de luz
_b: arboricultura en el paralelo 10
260 _aCartago, C. R. :
_bEd. Tecnológica,
_c1979
300 _a134 p.
_b: ilus. ; gráfs.
590 _aBATCH-UPD
_b10
_c20130110
_lUCH01
_h1820
590 _aBATCH-UPD
_b10
_c20130410
_lUCH01
_h1154
590 _aBATCH-UPD
_b10
_c20130914
_lUCH01
_h1957
590 _aCONVERSION
_b10
_c20130109
_lUCH01
_h1335
650 1 4 _aArboricultura.
_96699
650 1 4 _aReforestación.
_995474
901 _aBK
942 _cLIBRO
949 _a634.9 F53
_bBC
_cLIBRO
_d33724002164850
_eLIBRO
_h54663
_i73213
_si
949 _a634.9 F53
_bDCF
_cLIBRO
_d-5991
_eLIBRO
_h3874
_i73213
_si
999 _c64836
_d64836